000 00575nam a2200181Ia 4500
003 GCL
008 140319s9999 xx 000 0 ara d
040 _aGCL /
_cGCL
082 0 4 _a811.72
_bهـ د
100 1 _aهلال ناجى
245 1 0 _aديوان الحسن بن على الضبى الشهير بابن وكيع التنيسى المتوفى سنه 393 هـ /
_cهلال ناجى
300 _a175 ص
490 _aكتاب
_v0
650 0 4 _aالشعر العربى
650 0 4 _aالادب العربى
650 0 4 _aدواوين وقصائد
942 _2ddc
_cBK
999 _c41745
_d41745